| 000 | 01104nab a2200301 u 4500 | ||
|---|---|---|---|
| 001 | 06366 | ||
| 003 | HDC | ||
| 007 | cr bn --- | ||
| 008 | 210123p2012 n |0 eng | ||
| 022 | _a1762-1772 | ||
| 040 | _aHDC | ||
| 100 |
_aM.E. Ali _96737 |
||
| 245 | 0 |
_aDevelopment of swine-specific DNA markers for biosensor-based halal authentication / _cM.E. Ali, U. Hashim, M. Kashif, S. Mustafa, Y.B. Che Man and S.B. Abd Hamid |
|
| 260 |
_a[No place] _bFUNPEC-RP www.funpecrp.com.br, _c2012 |
||
| 336 |
_atext _2rdacontent |
||
| 337 |
_acomputer _2rdamedia |
||
| 338 |
_aonline resource _2rdacarrier |
||
| 650 |
_aAmplicon length _96742 |
||
| 650 |
_aIn silico digestion _96738 |
||
| 650 |
_aIntra- and interspecies polymorphisms _96739 |
||
| 650 |
_aMitochondrial genome _96741 |
||
| 650 |
_aProtein coding genes _96743 |
||
| 650 |
_aRestriction enzyme _96740 |
||
| 856 | _zRequest full-text at [email protected] | ||
| 942 | _2lcc | ||
| 942 | _cAR | ||
| 942 | _kJART 000534 | ||
| 999 |
_c3690 _d3690 |
||